UBT Library

Business Ethics : (Record no. 1071)

000 -LEADER
fixed length control field 00547nam a22002057a 4500
008 - FIXED-LENGTH DATA ELEMENTS--GENERAL INFORMATION
fixed length control field 150624b xxu||||| |||| 00| 0 eng d
020 ## - INTERNATIONAL STANDARD BOOK NUMBER
International Standard Book Number 9780071271257
041 0# - LANGUAGE CODE
Language code of text/sound track or separate title eng
080 ## - UNIVERSAL DECIMAL CLASSIFICATION NUMBER
Universal Decimal Classification number 33
100 ## - Rafti
Rafti Ghillyer, Andrew W.;
245 ## - TITLE STATEMENT
Title Business Ethics :
Statement of responsibility, etc Andrew W. Ghillyer;
250 ## -
-- 2nd Edition
260 ## -
-- USA:
-- McGraw-Hill;
-- 2010
300 ## -
-- 359 f.:
-- me il.;
-- 25 cm.
500 ## -
-- Preface: f.vii-xiv
505 ## -
-- Index: f. 351 - 359
650 #0 -
-- Organizimi
650 #0 -
-- Etika
942 ## - ADDED ENTRY ELEMENTS (KOHA)
Source of classification or shelving scheme
Item type Books
Holdings
Withdrawn status Lost status Source of classification or shelving scheme Damaged status Not for loan Collection code Permanent location Current location Shelving location Date acquired Total Checkouts Full call number Date last seen Price effective from Koha item type
          Koleksioni i përgjithshem UBT - Prishtine UBT - Prishtine Koleksioni i përgjithshem 06/24/2015   33 GHI 06/24/2015 06/24/2015 Books
UBT Library © 2015-2024. All rights reserved University Education for Business and Technology